| 000 | 00000nam 2200000za 4500 |
| 001 | 9.837723 |
| 003 | CaOODSP |
| 005 | 20231208112857 |
| 007 | cr ||||||||||| |
| 008 | 170605s2015 onc ob f000 0 eng d |
| 040 | |aCaOODSP|beng |
| 043 | |an-cn--- |
| 086 | 1 |aPS83-3/347E-PDF |
| 100 | 1 |aMichel, Steven. |
| 245 | 10|aCriminal organizations |ban examination of gang management practices inside Canadian institutions / |h[electronic resource] : |cSteven Michel and Yvonne Stys. |
| 260 | |aOttawa : |bCorrectional Service of Canada, |c2015. |
| 300 | |av, 46 p. : |btables. |
| 490 | 1 |aResearch report ; |vR-347 |
| 500 | |aIssued also in French under title: Organisations criminelles : étude des pratiques de gestion des gangs dans les établissements du Canada. |
| 500 | |a"May 2015." |
| 504 | |aIncludes bibliographical references. |
| 520 | |a"In Canada, gangs and criminal organizations are responsible for a variety of criminal behaviour. It is estimated that up to 900 criminal groups were operating within Canada between 2005 and 2010 and research suggests that up to 70% of offenders in some Canadian institutions are suspected of gang affiliations. As a result, Canadian society has prioritized gangs and organized crime in the Canadian public safety context".--Intro. |
| 692 | 07|2gccst|aInmates |
| 692 | 07|2gccst|aOrganized crime |
| 692 | 07|2gccst|aGangs |
| 700 | 1 |aStys, Yvonne, |d1979- |
| 710 | 1 |aCorrectional Service Canada. |bResearch Branch. |
| 775 | 08|tOrganisations criminelles |w(CaOODSP)9.837728 |
| 830 | #0|aResearch report (Correctional Service Canada. Research Branch)|vR-347|w(CaOODSP)9.506063 |
| 856 | 40|qPDF|s774 KB|uhttps://publications.gc.ca/collections/collection_2017/scc-csc/PS83-3-347-eng.pdf |